|
|
|
|
| LEADER |
01628nam a2200361 a 4500 |
| 001 |
EBC424091 |
| 003 |
MiAaPQ |
| 005 |
20200520144314.0 |
| 006 |
m o d | |
| 007 |
cr cn||||||||| |
| 008 |
091012s2007 ii a sb 001 0 eng d |
| 020 |
|
|
|z 9788122420951
|
| 020 |
|
|
|z 9788122424393
|
| 035 |
|
|
|a (MiAaPQ)EBC424091
|
| 035 |
|
|
|a (Au-PeEL)EBL424091
|
| 035 |
|
|
|a (CaPaEBR)ebr10318677
|
| 035 |
|
|
|a (OCoLC)476264094
|
| 040 |
|
|
|a MiAaPQ
|c MiAaPQ
|d MiAaPQ
|
| 043 |
|
|
|a a-ii---
|
| 050 |
|
4 |
|a HD70.I4
|b S53 2007
|
| 100 |
1 |
|
|a Sharma, Subhash.
|
| 245 |
1 |
0 |
|a New mantras in corporate corridors
|h [electronic resource] :
|b from ancient roots to global routes /
|c Subhash Sharma.
|
| 260 |
|
|
|a New Delhi :
|b New Age International (P) Ltd., Publishers,
|c c2007.
|
| 300 |
|
|
|a xxiv, 558 p. :
|b ill.
|
| 504 |
|
|
|a Includes bibliographical references (p. [539]-552) and index.
|
| 505 |
0 |
|
|a pt. 1. Social setting & ancient text in new context -- pt. 2. Enlightened leadership & human quality development (HQD) -- pt. 3. Strategic gearing & enterprise performance improvement models -- pt. 4. Management thought, social discourse & spiritual concerns : toward new corporate awakening.
|
| 533 |
|
|
|a Electronic reproduction. Ann Arbor, MI : ProQuest, 2015. Available via World Wide Web. Access may be limited to ProQuest affiliated libraries.
|
| 650 |
|
0 |
|a Management
|z India.
|
| 650 |
|
0 |
|a Management in literature.
|
| 650 |
|
0 |
|a Management
|z India
|x Philosophy.
|
| 655 |
|
4 |
|a Electronic books.
|
| 710 |
2 |
|
|a ProQuest (Firm)
|
| 856 |
4 |
0 |
|u https://ebookcentral.proquest.com/lib/matrademy/detail.action?docID=424091
|z Click to View
|